Statystyki dla 20 Największych krajów porodukujących samochody osobowe

Kliknij tutaj aby rozwiązać quiz!

Ogólne statystyki

  • Ten quiz został rozwiązany 1 003 razy
  • Średni wynik to 15 z 20

Statystyki odpowiedzi

Liczba Wyprodukowanych SamochodówKraj% Poprawnych
5,6 mlnNiemcy
99%
3 mlnStany Zjednoczone
97%
24,8 mlnChiny
96%
8,3 mlnJaponia
95%
1,7 mlnFrancja
94%
1,3 mlnRosja
94%
2,2 mlnHiszpania
89%
742 tysWłochy
88%
1,6 mlnWielka Brytania
85%
3,7 mlnKorea Południowa
79%
3,9 mlnIndie
78%
749 tysKanada
78%
2,2 mlnBrazylia
77%
1,9 mlnMeksyk
72%
1,4 mlnCzechy
68%
1,1 mlnTurcja
51%
1 mlnSłowacja
37%
982 tysIndonezja
36%
1,4 mlnIran
32%
818 tysTajlandia
26%

Rozkład punktacji

Percentyl według liczby udzielonych odpowiedzi

Procent ludzi z każdym wynikiem

Twoja historia wyników

Nie rozwiązałeś tego quizu